Monetaristická koncepcia hospodárskej politiky a tranzitívne ekonomiky vývoj, skúsenosti, perspektívy

Gespeichert in:
Bibliographische Detailangaben
1. Verfasser: Gonda, Vladimír
Format: Buchkapitel
Sprache:Slowakisch
Tags: Tag hinzufügen
Keine Tags, Fügen Sie das erste Tag hinzu!

MARC

LEADER 00000naa$a2200000$$$4500
001 0112227
005 20240502072239.0
041 0 |a slo 
044 |a SK 
245 1 0 |a Monetaristická koncepcia hospodárskej politiky a tranzitívne ekonomiky  |b vývoj, skúsenosti, perspektívy  |c Vladimír Gonda 
100 1 |a Gonda, Vladimír